Detalles MARC
| 000 -CABECERA |
| campo de control de longitud fija |
01072nam a2200229 a 4500 |
| 001 - NÚMERO DE CONTROL |
| campo de control |
000015598 |
| 005 - FECHA Y HORA DE LA ÚLTIMA TRANSACCIÓN |
| campo de control |
20200929164103.0 |
| 008 - DATOS DE LONGITUD FIJA--INFORMACIÓN GENERAL |
| campo de control de longitud fija |
100215s1909 dr ac r 000 0 spa d |
| 040 ## - FUENTE DE LA CATALOGACIÓN |
| Centro catalogador/agencia de origen |
DO-SdBNP |
| Lengua de catalogación |
spa |
| Centro/agencia transcriptor |
BNPHU |
| 082 ## - NÚMERO DE LA CLASIFICACIÓN DECIMAL DEWEY |
| Número de clasificación |
972.9304 |
| Número de documento/Ítem |
E77e, 1909 |
| 100 1# - ENTRADA PRINCIPAL--NOMBRE DE PERSONA |
| Nombre de persona |
Espaillat y Quiñones, Ulises Francisco, |
| Fechas asociadas al nombre |
1823-1878. |
| 9 (RLIN) |
35179 |
| 245 10 - MENCIÓN DE TÍTULO |
| Título |
Escritos de Espaillat : |
| Resto del título |
Artículos cartas y documentos oficiales. |
| 260 ## - PUBLICACIÓN, DISTRIBUCIÓN, ETC. |
| Lugar de publicación, distribución, etc. |
Santo Domingo : |
| Nombre del editor, distribuidor, etc. |
Sociedad Amante de la Luz, |
| Fecha de publicación, distribución, etc. |
1909. |
| Fabricante |
La Cuna de América. vda. Roques |
| 300 ## - DESCRIPCIÓN FÍSICA |
| Extensión |
xx, 443 p. : |
| Otras características físicas |
il., retr ; |
| Dimensiones |
25 cm. |
| 500 ## - NOTA GENERAL |
| Nota general |
Edición hecha por iniciativa de la Sociedad Amantes de la Luz. Con el concurso Particular y del Estado |
| 590 ## - NOTA LOCAL (RLIN) |
| Nota local |
Inventariado, 2018/VM |
| 600 14 - PUNTO DE ACCESO ADICIONAL DE MATERIA--NOMBRE DE PERSONA |
| Nombre de persona |
Espaillat y Quiñones, Ulises Francisco |
| Fechas asociadas al nombre |
1823-1878. |
| Subdivisión de forma |
COLECCIONES DE ESCRITOS |
| 9 (RLIN) |
35180 |
| 650 #4 - PUNTO DE ACCESO ADICIONAL DE MATERIA--TÉRMINO DE MATERIA |
| Término de materia o nombre geográfico como elemento de entrada |
República dominicana |
| Subdivisión general |
Política y gobierno |
| Subdivisión cronológica |
1844-1930 |
| 9 (RLIN) |
35181 |
| 650 #4 - PUNTO DE ACCESO ADICIONAL DE MATERIA--TÉRMINO DE MATERIA |
| Término de materia o nombre geográfico como elemento de entrada |
Repuública dominicana |
| Subdivisión general |
Correspondencias, memorias, etc. |
| -- |
Historia |
| 9 (RLIN) |
35182 |
| 650 #4 - PUNTO DE ACCESO ADICIONAL DE MATERIA--TÉRMINO DE MATERIA |
| Término de materia o nombre geográfico como elemento de entrada |
Literatura dominicana |
| Subdivisión general |
Historia |
| 9 (RLIN) |
1311 |
| 910 ## - DATOS DE OPCIÓN DEL USUARIO (OCLC) |
| Datos de opción del usuario |
Validado. Control de calidad MFF |